ThePolitics of Democratic Socialism (Record no. 184608)

000 -LEADER
fixed length control field 00821 a2200193 4500
003 - CONTROL NUMBER IDENTIFIER
control field Nust
005 - DATE AND TIME OF LATEST TRANSACTION
control field 20230306113438.0
010 ## - LIBRARY OF CONGRESS CONTROL NUMBER
LC control number 71083799
040 ## - CATALOGING SOURCE
Transcribing agency Nust
082 ## - DEWEY DECIMAL CLASSIFICATION NUMBER
Classification number 330.12,DUR
100 ## - MAIN ENTRY--PERSONAL NAME
Personal name Durbin, Evan Frank Mottram
9 (RLIN) 109830
245 ## - TITLE STATEMENT
Title ThePolitics of Democratic Socialism
Remainder of title an Essay on Social Policy /
Statement of responsibility, etc. E. F. M. Durbin,
Medium With a foreword by Hugh Gaitskell
260 ## - PUBLICATION, DISTRIBUTION, ETC.
Place of publication, distribution, etc. A. M. Kelley
Name of publisher, distributor, etc. New York
Date of publication, distribution, etc. 1969
300 ## - PHYSICAL DESCRIPTION
Extent 384 p
Other physical details 21 cm
505 ## - FORMATTED CONTENTS NOTE
Formatted contents note Cooperation And Conflict (Page-37), Capitalism In Transition (Page-75), The Dictatorship Of The Proletariat (Page-151), Socialism And Democracy (Page-235), The Strategy Of Democrating Socialism (Page-283).
600 ## - SUBJECT ADDED ENTRY--PERSONAL NAME
Personal name Durbin, Evan Frank Mottram
9 (RLIN) 109830
650 ## - SUBJECT ADDED ENTRY--TOPICAL TERM
Topical term or geographic name entry element The politics of democratic socialism; an essay on social policy
9 (RLIN) 109831
942 ## - ADDED ENTRY ELEMENTS (KOHA)
Source of classification or shelving scheme
Koha item type Book
Holdings
Withdrawn status Lost status Source of classification or shelving scheme Damaged status Not for loan Permanent Location Current Location Shelving location Date acquired Full call number Barcode Date last seen Price effective from Koha item type Public note
          Military College of Signals (MCS) Military College of Signals (MCS) General Stacks 12/12/2016 330.12,DUR MCS29147 12/08/2016 12/12/2016 Book Almirah No.73, Shelf No.5
© 2023 Central Library, National University of Sciences and Technology. All Rights Reserved.